000 00375nam a2200121Ia 4500
008 241015s9999 xx 000 0 und d
041 _aeng
082 _a338.04 CRO
100 _aCrowther David
245 _aSocial Entrepreneurs Vol.18: Mobilisers Of Social Change Mobilisers Of Social Change
260 _bEmerald Publishing
_aUnited Kingdom
_c2022
300 _a288;. P. 22 cm
999 _c41756
_d41756